000 00320nam a22001331a 4500
999 _c158182
_d158182
082 _aM301
_bVSI/P
100 _aIdaykidam V S
245 _aPurodasam/
_cby Idaykidam V S.
260 _a
_bVidhyarthi,
_c1991.
650 _aStories Malayalam
650 _aLiterature Malayalam
650 _aLiterature
942 _cBK